| 000 | 00704nam a2200253Ia 4500 | ||
|---|---|---|---|
| 008 | 191130s2002##################000#0#eng## | ||
| 020 | _a9780415939881 | ||
| 022 | _a2002020621 | ||
| 040 |
_aACL _cACL |
||
| 082 | _a340.112 WEL.6 | ||
| 245 |
_aRights and duties _cedited with introductions by Carl Wellman |
||
| 260 |
_aNew York ; London _bRoutledge _c2002 |
||
| 300 | _a6 v. ; 24 cm | ||
| 500 | _aIncludes bibliographical references | ||
| 650 | _aDuty | ||
| 650 | _aLaw and ethics | ||
| 650 | _aNatural law | ||
| 650 | _aNatural obligations | ||
| 650 | _aObedience (Law) | ||
| 700 | _aWellman, Carl | ||
| 990 | _a8dbc1714ac10000c1a5ff50fddcbb6b3 | ||
| 991 | _a329259 | ||
| 999 |
_c286866 _d286866 |
||